Anorexia nervosa /

Saved in:
Bibliographic Details
Corporate Authors: National Clearinghouse for Mental Health Information (U.S.). Division of Scientific and Public Information., National Institute of Mental Health (U.S.)
Format: Book
Language:English
Published: Rockville, Md. (5600 Fishers Lane, Rockville, Md. 20857) : U.S. Dept. of Health and Human Services, Public Health Service, Alcohol, Drug Abuse and Mental Health Administration, National Institute of Mental Health, 1981.
Series:DHHS publication ; no. (ADM) 81-1048.
Literature survey series ; no. 1.
Subjects:
Tags: Add Tag
No Tags, Be the first to tag this record!
LEADER 01872cam a2200409 a 4500
001 000577620-1
005 20160408174850.0
008 811019s1981 mdu a f000 0 eng c
010 |a  81601592  
035 0 |a ocm07365676 
040 |a DGPO/DLC  |c DLC  |d GPO  |d WAU  |d MET  |d m/c  |d HMS 
050 0 |a RC552.A5  |b A57 
060 4 |a ZWM 100 L776 no.1 
060 4 |a ZWM 175 A615 1981 
074 |a 507-B-34 
082 0 |a 616.85/2  |2 19 
086 0 |a HE 20.8134:1 
245 0 0 |a Anorexia nervosa /  |c prepared by National Clearinghouse for Mental Health Information, Division of Scientific and Public Information. 
260 |a Rockville, Md. (5600 Fishers Lane, Rockville, Md. 20857) :  |b U.S. Dept. of Health and Human Services, Public Health Service, Alcohol, Drug Abuse and Mental Health Administration, National Institute of Mental Health,  |c 1981. 
300 |a 1 v. (various pagings) ;  |c 28 cm. 
490 1 |a DHHS publication ;  |v no. (ADM) 81-1048 
490 1 |a Literature survey series ;  |v no. 1 
655 2 |a Bibliography. 
650 2 |a Anorexia Nervosa. 
655 2 |a Abstracts. 
650 2 |a Anorexia Nervosa 
650 0 |a Anorexia nervosa  |v Abstracts. 
655 7 |a Abstracts.  |2 fast 
655 2 |a Abstracts. 
655 7 |a Abstracts.  |2 fast  |0 (OCoLC)fst01423683 
710 2 |a National Clearinghouse for Mental Health Information (U.S.).  |b Division of Scientific and Public Information. 
710 2 |a National Institute of Mental Health (U.S.) 
776 0 8 |i Online version:  |t Anorexia nervosa.  |d Rockville, Md. (5600 Fishers Lane, Rockville, Md. 20857) : U.S. Dept. of Health and Human Services, Public Health Service, Alcohol, Drug Abuse and Mental Health Administration, National Institute of Mental Health, 1981  |w (OCoLC)654283790 
830 0 |a DHHS publication ;  |v no. (ADM) 81-1048. 
830 0 |a Literature survey series ;  |v no. 1. 
988 |a 20110720 
906 |0 OCLC